000 00523nam a2200181Ia 4500
999 _c1680
_d1680
003 OSt
005 20200924145027.0
008 190216s9999||||xx |||||||||||||| ||und||
020 _a9788188429554
040 _coclc
082 _a363.6
_bVIG/E
100 _aVigneswaran, S
_94964
245 0 _aEnvironmental Management /
_cS Vigneswaran ; M Sundaravadivel
260 _bScitech Publications,
_aChennai:
_c2004.
300 _a260p
650 _aBotany
942 _cBK
_2ddc
_h363.6
_iVIG/E
_k363.6
_mVIG/E